gypsy guess the song - Statistics

General Stats
  • This quiz has been taken 4 times
  • The average score is 92 of 222
Answer Stats
Answer % Correct
a
100%
all
67%
an
67%
g
67%
have
67%
i
67%
the
67%
you
67%
and
33%
another
33%
any
33%
are
33%
as
33%
at
33%
bad
33%
be
33%
but
33%
can
33%
chair
33%
cheer
33%
claus
33%
coke
33%
cookie
33%
dish
33%
do
33%
don't
33%
egg
33%
everybody
33%
feel
33%
feet
33%
few
33%
fish
33%
for
33%
fork
33%
gem
33%
ginger
33%
give
33%
glad
33%
goldstone
33%
good
33%
hear
33%
here
33%
home
33%
i'll
33%
is
33%
joke
33%
june
33%
like
33%
little
33%
love
33%
matter
33%
me
33%
mervyn
33%
moonstone
33%
mr
33%
napkin
33%
of
33%
old
33%
one
33%
only
33%
poem
33%
pork
33%
pot
33%
put
33%
recite
33%
roll
33%
santa
33%
sauce
33%
scream
33%
share
33%
sitting
33%
spare
33%
sparerib
33%
stone
33%
stones
33%
such
33%
sunstone
33%
tea
33%
tell
33%
that
33%
them
33%
there
33%
thing
33%
to
33%
two
33%
up
33%
want
33%
we
33%
what's
33%
will
33%
would
33%
your
33%
big
0%
blue
0%
cherry
0%
chopstick
0%
curbstones
0%
fried
0%
gallstones
0%
gladstones
0%
grind
0%
kumquat
0%
litchi
0%
milestones
0%
millstones
0%
peachy
0%
rice
0%
small
0%
smoke
0%
some
0%
soy
0%
there's
0%
touchstones
0%
yellow
0%
No matching quizzes found
Score Distribution
Percent of People with Each Score
Percentile by Number Answered
Your Score History
You have not taken this quiz